| 000 -LEADER |
| fixed length control field |
00523cam a22001457a 4500 |
| 008 - FIXED-LENGTH DATA ELEMENTS--GENERAL INFORMATION |
| fixed length control field |
180718b2005 xxu||||| |||| 00| 0 eng d |
| 082 ## - DEWEY DECIMAL CLASSIFICATION NUMBER |
| Classification number |
T344x54 G959c |
| 100 ## - MAIN ENTRY--PERSONAL NAME |
| Personal name |
Gupta,Rakesh and Singh,Vandana |
| 245 ## - TITLE STATEMENT |
| Title |
Case on Medical Negligence |
| Statement of responsibility, etc. |
By Rakesh Gupta and Vandana Singh |
| 260 ## - PUBLICATION, DISTRIBUTION, ETC. |
| Place of publication, distribution, etc. |
New Delhi |
| Name of publisher, distributor, etc. |
Indian Institute Of Pblic Administration |
| Date of publication, distribution, etc. |
2005 |
| 300 ## - PHYSICAL DESCRIPTION |
| Extent |
137p. |
| 650 ## - SUBJECT ADDED ENTRY--TOPICAL TERM |
| Topical term or geographic name entry element |
Medical laws and legislation -- India |
| 650 ## - SUBJECT ADDED ENTRY--TOPICAL TERM |
| Topical term or geographic name entry element |
Physicians -- Malpractice -- India |
| 650 ## - SUBJECT ADDED ENTRY--TOPICAL TERM |
| Topical term or geographic name entry element |
Medical personnel -- Malpractice -- India |